| 000 | 03038nam a2200493 a 4500 | ||
|---|---|---|---|
| 003 | CHAP | ||
| 005 | 20250214091813.0 | ||
| 007 | cr ||||||a|c|a | ||
| 008 | 101103s2010 mx r 00010 spa d | ||
| 035 | _a111311 | ||
| 040 | _cCHAP | ||
| 090 | _aTesis | ||
| 100 | 1 |
_aHernández Pérez, Jonathan. _954455 |
|
| 245 | 1 | 0 |
_aEstudio de factibilidad técnica y económica de una agroindustria extractora de aceite esencial de limón persa (Citrus latifolia Tonaka) en el Municipio de Martínez de la Torre, Veracruz _c/por Jonathan Hernández Pérez y Oscar Vidal López Porras; director de tesis Ignacio Caamal Cauich. |
| 264 | 1 |
_aChapingo, Méx. : _bEl autor, _c2010. |
|
| 300 |
_a1 recurso en línea (129 páginas): _bcuadros, figuras. |
||
| 336 |
_2rdacontent _atexto _btxt |
||
| 337 |
_2rdamedia _acomputadora _bc |
||
| 338 |
_2rdacarrier _arecurso en línea _bcr |
||
| 502 |
_bLEA _cDICEA _d2010. _gLIC |
||
| 520 | _aEl grado de globalización que han alcanzado los procesos productivos, los mercados y la sociedad misma, han permitido que el limón y sus derivados, hoy sean de uso y consumo generalizado; tal es el caso de los aceites esenciales obtenidos del limón, que tradicionalmente se han utilizado en la industria refresquera y en años recientes también sirven como base para otros derivados que se emplean en la industria de cosméticos, alimentaria, farmacéutica y de limpieza; por lo que las perspectivas de diversificación se siguen ampliando. El presente trabajo se integró con un conjunto de antecedentes técnicos y económicos para determinar la factibilidad, rentabilidad y nivel de riesgo sobre el establecimiento de una agroindustria extractora de aceite esencial de limón persa en Martínez de la Torre, Veracruz. La inversión total necesaria para este proyecto es de $4, 064, 300.00, los indicadores obtenidos TIR= 46.61%, VAN= $ 14, 065, 068.88, y una relación B/C = 1.20 con base a estos resultados se puede dictaminar que el proyecto es técnica y económicamente factible. | ||
| 590 |
_aALEPH _b10 _c20130110 |
||
| 590 |
_aBATCH-UPD _b10 _c20130110 |
||
| 590 |
_aBATCH-UPD _b10 _c20130410 |
||
| 590 |
_aBATCH-UPD _b10 _c20130913 |
||
| 590 |
_aBATCH-UPD _b10 _c20140324 |
||
| 590 |
_aBATCH-UPD _b10 _c20141002 |
||
| 590 |
_aBATCH-UPD _b10 _c20191009 |
||
| 590 |
_aCONVERSION _b10 _c20130109 |
||
| 650 | 1 | 4 |
_aAceite de limón. _9434 |
| 650 | 1 | 4 |
_aEstudios de factibilidad. _938520 |
| 650 | 1 | 4 |
_aExtractos vegetales. _939214 |
| 650 | 1 | 4 |
_aIndustrias agrícolas _xVeracruz. _957971 |
| 650 | 1 | 4 |
_aLimón persa _zVeracruz. _966879 |
| 700 | 1 |
_aLópez Porras, Oscar Vidal. _968238 |
|
| 700 | 1 |
_aCaamal Cauich, Ignacio _eDirector de tesis. _916527 |
|
| 856 |
_uhttp://10.13.5.2/tesis/111311.pdf _zDESCARGAR PDF |
||
| 901 | _aBK | ||
| 942 |
_cTD _2Clasificación Universidad Autónoma Chapingo |
||
| 949 |
_aTesis _bBC _cTES _d33724002213074 _eTS2 _fc.2 _gDonaciØn _h51336 _i111311 _sb |
||
| 949 |
_aTesis _bBC _cTES _d33724002214405 _eTS1 _gDonaciØn _h51335 _i111311 _sb |
||
| 999 |
_c99653 _d99653 |
||